LEADER 00897nas a2200241 i 4500 001 000000192100 003 CaOOAMICUS 005 20110523000000.0 008 100908b2010 it uu u0 0mul r 013 $a170673 040 $aSeMil$bita 245 10$a2010. 260 $aRoma :$bPontificio Istituto Biblico,$c2010. 300 $aVI, 579 p., [1] c. di ritratto, 32. p. di tav. :$bill. ;$c26 cm. 774 0 $t2010 : 1.$w()273678 774 0 $tStudi di Ittitologia in onore di Alfonso Archi. - Contiene.$w()274691 774 0 $t2010 : 3.$w()274907 774 0 $t2010 : 4.$w()275288 850 $aSeMil 852 $aSeMil$W1$xVenegono$y1$m211 4 28$j142676$B142676$CSeMilBibl$Z2$F163944 $85 961 $aAbbonamento: Pontificia Università Gregoriana 996 $6245$a2010$9(OLS)http://semarc/title/264584 996 $6260$aRoma :$bPontificio Istituto Biblico$9(OLS)http://semarc/publisher/30489 LEADER 01055nam a2200277 i 4500 001 000000106841 003 CaOOAMICUS 005 20020920000000.0 008 020920s2000 it u000 u ita u 013 $a79036 020 $a88-399-1178-2 040 $aSeMil$bita 100 1 $aMello, Alberto,$d<1951- >.$0(OLS)http://semarc/name/3249 245 10$aEbraismo /$cAlberto Mello. 260 $aBrescia :$bQueriniana,$ccopyr. 2000. 300 $a190 p. ;$c19 cm. 490 0 $aPiccola biblioteca delle religioni ;$v8 500 $aContiene : Bibliografia. 650 4$aEbraismo.$0(OLS)http://semarc/subject/4720 830 0$aPiccola biblioteca delle religioni ;$v8.$0(OLS)http://semarc/title/8176 850 $aSeMil 852 $aSeMil$W1$xVenegono$y1$m2R VII 68$j62947$B62947$CSeMilBibl$Z2$F72163 $81 961 $aRecupero: Seminario di Seveso 996 $6020$a88-399-1178-2$9(OLS)http://semarc/number/87658 996 $6245$aEbraismo$9(OLS)http://semarc/title/109004 996 $6260$aBrescia :$bQueriniana$9(OLS)http://semarc/publisher/29615